| 000 | 00457nam a22001697a 4500 | ||
|---|---|---|---|
| 003 | OSt | ||
| 008 | 231114b |||||||| |||| 00| 0 eng d | ||
| 041 | _aeng | ||
| 082 |
_a828.09 _bNIC / H |
||
| 100 |
_aNicoll, Allardyce _95582 |
||
| 245 |
_aHistory of Late Nineteenth Century Drama 1850-1900 _bVolume 1 |
||
| 250 | _a1st Reprint | ||
| 260 |
_aNew York : _bCambridge University Press, _c1949. |
||
| 300 | _a228pages. | ||
| 650 |
_aDrama _95583 |
||
| 942 | _cBK | ||
| 999 |
_c17788 _d17788 |
||